Sao bạn chưa trồng nấm ?

Salvato in:
Dettagli Bibliografici
Autore principale: Nguyễn Duy Điềm
Natura: Libro
Lingua:Undetermined
Pubblicazione: H. Phụ nữ 2003
Soggetti:
Tags: Aggiungi Tag
Nessun Tag, puoi essere il primo ad aggiungerne! !
Thư viện lưu trữ: Trung tâm Học liệu Trường Đại học Cần Thơ
LEADER 00549nam a2200205Ia 4500
001 CTU_59832
008 210402s9999 xx 000 0 und d
020 |b 7500 
082 |a 635.8 
082 |b Đ304 
100 |a Nguyễn Duy Điềm 
245 0 |a Sao bạn chưa trồng nấm ? 
245 0 |c Nguyễn Duy Điềm và Huỳnh Thị Dung 
260 |a H. 
260 |b Phụ nữ 
260 |c 2003 
650 |a mushrooms 
650 |x planting 
904 |i Minh 
980 |a Trung tâm Học liệu Trường Đại học Cần Thơ